| 000 | 00000nam##2200000za#4500 |
| 001 | 9.647604 |
| 003 | CaOODSP |
| 005 | 20200330133338 |
| 007 | ta |
| 008 | 150407|2000||||xxc||||| f|0| 0 eng|d |
| 020 | |a0-662-28493-3 |
| 040 | |aCaOODSP|beng |
| 043 | |an-cn--- |
| 086 | 1 |aH22-21/52-2000E |
| 110 | 1 |aCanada.|bHuman Resources Development Canada. |bIncome Security Programs. |
| 245 | 10|aSummary: Social Security Agreement between Canada and Greece : |bJanuary, 2000 |
| 260 | |aOttawa - Ontario : |bHuman Resources Development Canada. |c2000. |
| 300 | |avi, 22p. ; |c22 cm. |
| 563 | |aSoftcover |
| 590 | |a00-24|b2000-06-16 |
| 690 | 07|aPensions|2gcpds |
| 690 | 07|aIncome security|2gcpds |
| 775 | 08|tRésumé: Accord de sécurité sociale entre le Canada et la Grèce : |w(CaOODSP)9.681015 |
| 776 | 0#|tAgreement on social security between Canada and the Hellenic Republic |w(CaOODSP)9.696902 |
| 986 | |aISPB-280-01-00E |